مكتبة جامعة عجلون الوطنية

فهرس بحث المكتبة

العوامل المؤثرة في اختيار عينات التدقيق في البنوك التجارية الاردنية = Factors Affecting the Selection of Audit Samples in the Jordanian Commercial Banks / (Record no. 33044)

MARC details
000 -LEADER
fixed length control field 01375nam a2200265Ii 4500
003 - CONTROL NUMBER IDENTIFIER
control field JO-AjNU
005 - DATE AND TIME OF LATEST TRANSACTION
control field 20240623123711.0
008 - FIXED-LENGTH DATA ELEMENTS--GENERAL INFORMATION
fixed length control field 230605s9999||||xx |||||||||||||| ||und||
040 ## - CATALOGING SOURCE
Original cataloging agency JO-AjNU
Language of cataloging ara
Description conventions rda
Transcribing agency JO-AjNU
041 ## - LANGUAGE CODE
Language code of text/sound track or separate title ara
050 ## - LIBRARY OF CONGRESS CALL NUMBER
Classification number HD62.15
Item number 2000
100 #1 - MAIN ENTRY--PERSONAL NAME
Personal name بني احمد، عودة احمد سليمان
9 (RLIN) 64925
Relator term معد
245 #0 - TITLE STATEMENT
Title العوامل المؤثرة في اختيار عينات التدقيق في البنوك التجارية الاردنية = Factors Affecting the Selection of Audit Samples in the Jordanian Commercial Banks /
Statement of responsibility, etc. اعداد عودة احمد سليمان بني احمد ؛ شراف عبدالستار الكبيسي
260 ## - PUBLICATION, DISTRIBUTION, ETC.
Date of publication, distribution, etc. 2000
300 ## - PHYSICAL DESCRIPTION
Extent 112 ورقة
336 ## - CONTENT TYPE
Content type term text
Content type code txt
Source rdacontent
337 ## - MEDIA TYPE
Media type term unmediated
Media type code n
Source rdamedia
338 ## - CARRIER TYPE
Carrier type term volume
Carrier type code nc
Source rdacarrier
500 ## - GENERAL NOTE
General note رسالم جامعية (رسالة ماجستير) .- جامعة آل البيت(المفرق،الاردن)، كلية الاقتصاد والعلوم الادارية، قسم المحاسبة، 2000.
501 ## - WITH NOTE
With note تحتوي على ملاحق
504 ## - BIBLIOGRAPHY, ETC. NOTE
Bibliography, etc. note تحتوي على مراجع باللغتين العربية والانجليزية
650 40 - SUBJECT ADDED ENTRY--TOPICAL TERM
Topical term or geographic name entry element البنوك التجارية-تدقيق.
9 (RLIN) 64929
700 #1 - ADDED ENTRY--PERSONAL NAME
Personal name الكبيسي، عبدالستار عبدالجبار
9 (RLIN) 64916
Relator term مشرف
942 ## - ADDED ENTRY ELEMENTS (KOHA)
Source of classification or shelving scheme Library of Congress Classification
Koha item type Thesis
Holdings
Withdrawn status Lost status Source of classification or shelving scheme Damaged status Not for loan Home library Current library Shelving location Date acquired Total Checkouts Full call number Barcode Date last seen Price effective from Koha item type
    Library of Congress Classification     مكتبة جامعة عجلون الوطنية مكتبة جامعة عجلون الوطنية المجموعات العامة 06/06/2023   HD62.15 2000 A29476 06/06/2023 06/06/2023 Thesis